000 00487nam a22001697a 4500
005 20251108164348.0
008 250721s1999 xx 000 0 ara d
082 1 4 _a818/زام
100 1 _aالزامل، موفق
245 1 0 _aرسائل المتحابين بين ساعة الغضب و اللين /
264 1 _aعمان :
_bدار الحسن،
_c1999.
300 _a80ص
650 1 7 _aالأدب العربي
650 1 7 _aالرسائل
942 _2ddc
_cBK
999 _c10294
_d10294